| 000 | 01025 a2200169 4500 | ||
|---|---|---|---|
| 003 | Nust | ||
| 005 | 20221202182908.0 | ||
| 040 | _cNust | ||
| 082 | _a621.381528,BET | ||
| 100 |
_aBettridge,B.R _9104056 |
||
| 245 |
_aTransistors and Crystal Diodes _cWhat They Are and How to USE Them / _bB.R Bettridge, |
||
| 260 |
_aLondon, _bNorman _c1954 |
||
| 300 | _a71p | ||
| 505 | _aSemiconductors (Page-11), Crystal Diodes And How They Work (Page-14), Transistors And How They Work (Page-20), Germanium Diodes In Tv Circuits (Page-24), Miscellaneous Circuits For Germanium Diodes (Page-28), Transistor Circuitry (Page-33), Practical Radio Circuits For Point Contact Transistors (Page-39), Miscellaneous Point Contact Transistor Circuits (Page-46), Junction Transistor Characteristics (Page-49), Junction Transistor Circuits (Page-52), Testing Of Diodes And Transistors (Page-58), The Transistor And Its Equivalent Network (Page-62), What Does The Future Hold (Page-68). | ||
| 650 | _aTelecommunication Engineering | ||
| 942 |
_2ddc _cBK |
||
| 999 |
_c193543 _d193543 |
||